000 00746nam a22002057a 4500
005 20210325200424.0
008 s2549 th tha d
020 _a9749436121
041 _atha
050 _aJQ1745.A1 ก351ป 2549
100 0 _aกองบรรณาธิการ ไอ.เอ็น.เอ็น
245 1 0 _aปฏิวัติ' 49
260 3 _aกรุงเทพฯ :
_bร่วมด้วยช่วยกัน,
_c2549
300 _a227 หน้า :
_bภาพประกอบ ;
_c21 ซม.
650 0 4 _aปฏิวัติ 2549
650 0 4 _aไทย -- การเมืองและการปกครอง -- 2549
850 _aNALT
942 _cGB
997 _c000000000049974
999 _c49974
_d49974